Text Book of Pathology (Record no. 8877)

MARC details
000 -LEADER
fixed length control field 00391nam a22001697a 4500
003 - CONTROL NUMBER IDENTIFIER
control field OSt
008 - FIXED-LENGTH DATA ELEMENTS--GENERAL INFORMATION
fixed length control field 200713b ||||| |||| 00| 0 eng d
020 ## - INTERNATIONAL STANDARD BOOK NUMBER
International Standard Book Number 9789352705474
082 ## - DEWEY DECIMAL CLASSIFICATION NUMBER
Classification number 616.07 MOT
100 ## - MAIN ENTRY--PERSONAL NAME
Personal name Mohan, Harsh
245 ## - TITLE STATEMENT
Title Text Book of Pathology
250 ## - EDITION STATEMENT
Edition statement 8th
260 ## - PUBLICATION, DISTRIBUTION, ETC. (IMPRINT)
Place of publication, distribution, etc N Delhi
Name of publisher, distributor, etc Jaypee Brother
Date of publication, distribution, etc 2019
300 ## - PHYSICAL DESCRIPTION
Extent 1010
650 ## - SUBJECT ADDED ENTRY--TOPICAL TERM
Topical term or geographic name as entry element Pathophysiology
942 ## - ADDED ENTRY ELEMENTS (KOHA)
Source of classification or shelving scheme Dewey Decimal Classification
Koha item type Text Books
Holdings
Withdrawn status Lost status Source of classification or shelving scheme Damaged status Not for loan Collection code Home library Current library Date acquired Source of acquisition Currency Cost, normal purchase price Bill Number Total Checkouts Full call number Acc. no. / Barcode Date last seen Date last borrowed Actual Cost, discounted price Bill Date Koha item type
    Dewey Decimal Classification     B.Pharma PIET C-LIBRARY PIET C-LIBRARY 11/02/2020 Kirti Prakashan Indian Rup 2000.00 IN6378 11 616.07 MOT BP1331 15/09/2025 01/09/2025 1440.00 11/02/2020 Text Books
    Dewey Decimal Classification     B.Pharma PIET C-LIBRARY PIET C-LIBRARY 11/02/2020 Kirti Prakashan Indian Rup 2000.00 IN6378 17 616.07 MOT BP1332 27/08/2025 13/08/2025 1440.00 11/02/2020 Text Books
    Dewey Decimal Classification     B.Pharma PIET C-LIBRARY PIET C-LIBRARY 11/02/2020 Kirti Prakashan Indian Rup 2000.00 IN6378 14 616.07 MOT BP1333 26/08/2025 12/08/2025 1440.00 11/02/2020 Text Books
    Dewey Decimal Classification     B.Pharma PIET C-LIBRARY PIET C-LIBRARY 12/09/2022 Kirti Praskshan IN Rupees 2595.00 IN986   616.07 MOT BP1932 07/10/2022   947.17 12/09/2022 Reference Books
    Dewey Decimal Classification     B.Pharma PIET C-LIBRARY PIET C-LIBRARY 12/09/2022 Kirti Praskshan IN Rupees 2595.00 IN986 15 616.07 MOT BP1933 22/09/2025 15/09/2025 947.17 12/09/2022 Text Books

Design & Developed by: PIET Central Library
R70 Miles Stone Pattikalyana Samalkha Panipat 132102
mail ID :- [email protected], Phone No:- 0180-2569700 Ex.216